000 00314pam a2200133 a 4500
020 _c
041 _h
082 _a741.674
_bPED
100 _aMartin Pedersen.
245 _aGraphics Poster Annual 2005
_hTextual Documents
260 _aNew York:
_bGeraphic In New York.
300 _a237:
_bHard.
930 _a5648
999 _c239438
_d239438